Quiz wiedzy ogólnej #19 - Statystyki

Ogólne statystyki
  • Ten quiz został rozwiązany 1 530 razy
    1 345 od ostatniego zresetowania
  • Średni wynik to 10 z 20
Statystyki odpowiedzi
Pytanie Odpowiedź % Poprawnych
Jakie jest najtwardsze złoże naturalne, które naturalnie na Ziemi? Diament
88%
Jak nazywa się rosyjski obwód, który graniczy z Polską? Królewiec
78%
Na jakiej wyspie leży miasto Palermo? Sycylia
78%
Na jakim półwyspie leżało dawne państwo - Jugosławia? Półwysep {bałkański}
77%
Jak nazywa się jedyny metal, który jest cieczą w warunkach normalnych? Rtęć
75%
Jaka książka była poprzedniczką "Władcy Pierścieni"? Hobbit
69%
Jaki zespół rockowy ma nazwę często skracaną do GNR? Guns N' Roses
55%
Jak nazywa się rzymska bogini miłości i piękna? Wenus
55%
Jak rodowicie nazywał się Voldemort - postać fikcyjna? Tom Riddle
53%
Jakie państwo podpisało z Niemcami "Pakt stalowy" w 1939 r.? Włochy
53%
Jaki stan USA nie posiada żadnych liter wspólnych ze słowem "makrela"? Ohio
49%
Jaki kucharz był pierwszym gospodarzem polskiego programu "Hell's Kitchen"? Wojciech Modest Amaro
47%
Od którego prezydenta USA wzięła się nazwa pluszowego misia w języku angielskim (Teddy Bear)? Theodore'a Roosevelta
39%
Jak nazywa się przywódca Autobotów? Optimus Prime
38%
Jaki religijny dokument musi osoba zapamiętać, żeby zostać "hafiz'em"? Koran
33%
Jaki pierwiastek metaliczny, zaczynając od K, służy do wytwarzania niebieskich pigmentów? Kobalt
27%
Jak nazywa się polski piłkarz, który strzelił ponad 4 bramki na Mistrzostwach Świata w 1938 r.? Ernest Wilimowski
26%
Jakie drzewo jest uważane za największego "producenta" lateksu na świecie? {Kauczukowiec} brazylijski
19%
Jak w języku francuskim można napisać słowo "chleb"? Pain
19%
Jaki musical Andrew Lloyda Webbera jest najdłużej emitowanym spektaklem w historii teatru na Broadwayu? Upiór w operze
7%
Nie znaleziono quizów pasujących do podanych kryteriów
Rozkład punktacji
Procent ludzi z każdym wynikiem
Percentyl według liczby udzielonych odpowiedzi
Twoja historia wyników
Nie rozwiązałeś tego quizu od ostatniego zresetowania